000 01424nam a2200337 a 4500
001 ebr10416276
003 CaPaEBR
006 m u
007 cr cn|||||||||
008 101001s2010 ii ad sb 001 0 eng d
020 _z9789350245422
040 _aCaPaEBR
_cCaPaEBR
035 _a(OCoLC)700036104
043 _aa-ii---
050 1 4 _aHG1232
_b.B73 2010eb
100 1 _aBrahmananda, P. R.
245 1 0 _aMoney, income, prices in 19th century India
_h[electronic resource] :
_ba historical, quantitative and theoretical study /
_cP.R. Brahmananda ; with a foreword by C. Rangarajan.
250 _aRev. ed.
260 _aMumbai [India] :
_bHimalaya Pub. House,
_c2010.
300 _a744 p. :
_bill. (some col.)
500 _a"A project on monetary history of India sponsored by the Reserve Bank of India."
504 _aIncludes bibliographical references (p. [685]-711) and indexes.
533 _aElectronic reproduction.
_bPalo Alto, Calif. :
_cebrary,
_d2010.
_nAvailable via World Wide Web.
_nAccess may be limited to ebrary affiliated libraries.
650 0 _aMoney
_zIndia
_xHistory.
651 0 _aIndia
_xEconomic conditions.
655 7 _aElectronic books.
_2local
700 1 _aRangarajan, C.
710 2 _aReserve Bank of India.
710 2 _aebrary, Inc.
856 4 0 _uhttp://site.ebrary.com/lib/rucke/Doc?id=10416276
_zAn electronic book accessible through the World Wide Web; click to view
999 _c84256
_d84256